Encyclopedia of American architecture / (Record no. 12164)

MARC details
000 -LEADER
fixed length control field 01152cam a2200313 a 4500
001 - CONTROL NUMBER
control field 2541019
003 - CONTROL NUMBER IDENTIFIER
control field EG-ScBUE
005 - DATE AND TIME OF LATEST TRANSACTION
control field 20221109025847.0
008 - FIXED-LENGTH DATA ELEMENTS--GENERAL INFORMATION
fixed length control field 940413t1995 nyua f e 001 0 eng d
020 ## - INTERNATIONAL STANDARD BOOK NUMBER
International Standard Book Number 0070480109
020 ## - INTERNATIONAL STANDARD BOOK NUMBER
International Standard Book Number 9780070480100
040 ## - CATALOGING SOURCE
Original cataloging agency DLC
Language of cataloging eng
Description conventions rda
Transcribing agency DLC
Modifying agency DLC
-- EG-ScBUE
043 ## - GEOGRAPHIC AREA CODE
Geographic area code n-us---
082 04 - DEWEY DECIMAL CLASSIFICATION NUMBER
Classification number 720.973
Edition number 22
Item number PAC
100 1# - MAIN ENTRY--PERSONAL NAME
Personal name Packard, Robert T.,
Relator term author.
9 (RLIN) 7409
245 10 - TITLE STATEMENT
Title Encyclopedia of American architecture /
Statement of responsibility, etc Robert T. Packard, AIA ; Balthazar Korab, illustration editor.
250 ## - EDITION STATEMENT
Edition statement Second edition.
264 #1 - PUBLICATION, DISTRIBUTION, ETC. (IMPRINT)
Place of publication, distribution, etc New York :
Name of publisher, distributor, etc McGraw-Hill,
Date of publication, distribution, etc [1995]
264 #4 - PUBLICATION, DISTRIBUTION, ETC. (IMPRINT)
Date of publication, distribution, etc c1995
300 ## - PHYSICAL DESCRIPTION
Extent xi, 724 pages :
Other physical details color illustrations ;
Dimensions 29 cm
500 ## - GENERAL NOTE
General note Rev. ed. of: Encyclopedia of American architecture / William Dudley Hunt, Jr. c1980.
500 ## - GENERAL NOTE
General note Includes index.
650 #7 - SUBJECT ADDED ENTRY--TOPICAL TERM
Topical term or geographic name as entry element Architecture
Geographic subdivision United States
Form subdivision Encyclopedias.
Source of heading or term BUEsh
9 (RLIN) 7410
653 ## - INDEX TERM--UNCONTROLLED
Resource For college Engineering, Architecture
655 ## - INDEX TERM--GENRE/FORM
Form subdivision Reading book
9 (RLIN) 34232
700 1# - ADDED ENTRY--PERSONAL NAME
Personal name Korab, Balthazar,
Relator term author.
9 (RLIN) 7411
942 ## - ADDED ENTRY ELEMENTS (KOHA)
Source of classification or shelving scheme Dewey Decimal Classification
Koha item type Reference (NB)
Holdings
Withdrawn status Lost status Source of classification or shelving scheme Damaged status Not for loan Collection code Home library Current library Shelving location Date acquired Source of acquisition Cost, normal purchase price Serial Enumeration / chronology Total Checkouts Full call number Barcode Date last seen Price effective from Koha item type
    Dewey Decimal Classification     Alahram Central Library Central Library Ground Floor 01/07/2009   393.80 72   720.973 PAC 000016981 15/07/2025 01/07/2009 Reference (NB)